Sports Quiz

Random Sports or MLB Quiz

MLB HR Leaders - George W. Bush Presidency Quiz Stats

 Plays Quiz Updated Jun 28, 2016

Challenge
Share
Tweet
Embed
Score 0/20 Timer 03:00
0 Plays Today
Primary Team Player % Correct
Yankees*Alex Rodriguez
97.3%
Cardinals*Albert Pujols
94.1%
Red Sox*David Ortiz
92.9%
GiantsBarry Bonds
84.8%
Red SoxManny Ramírez
81.2%
CubsAramis Ramírez
81.2%
BravesAndruw Jones
78.1%
White SoxJim Thome
66.3%
White SoxPaul Konerko
64.9%
RedsAdam Dunn
61.2%
Primary Team Player % Correct
AstrosLance Berkman
58.6%
Blue JaysCarlos Delgado
56.5%
YankeesJason Giambi
47.4%
Mets*Carlos Beltrán
47%
AngelsVladimir Guerrero
44%
AngelsTroy Glaus
38.6%
BrewersRichie Sexson
27.5%
YankeesAlfonso Soriano
27.3%
PhilliesPat Burrell
26.7%
White SoxCarlos Lee
26.5%

You're not logged in!

Compare scores with friends on all Sporcle quizzes.
Join for Free
OR
Log In

You Might Also Like...

Show Comments

Extras

Top Quizzes Today


Score Distribution

Your Account Isn't Verified!

In order to create a playlist on Sporcle, you need to verify the email address you used during registration. Go to your Sporcle Settings to finish the process.

Report this User

Report this user for behavior that violates our Community Guidelines.

Details: